000 00687nam a2200229Ia 4500
003 OSt
005 20220928114732.0
006 a|||||r|||| 00| 0
007 ta
008 220927b |||||||| |||| 00| 0 eng d
024 _a54324
037 _cTextual
040 _aSDCL
_cSDCL
_beng
041 _2eng
_aeng
082 _aV55:19'N6, L1
100 _aWhetten Lawrence L
_9440665
245 0 _aGermany's Ostpolitik
_b Relations between the federal republic and the Warsaw pact countries.
260 _aLondon
_bOxford University Press
_c1971
300 _ax,244p.
_ccm.
942 _hV55:19'N6, L1
_cTEXL
_2CC
999 _c756209
_d756209